000 01455nam0a2200337 4500
001 RU\NLR\BIBL_A\022250651
005 20260225111813.0
021 _aRU
_bКН-П-24-024558
_9КН-П-24-2533
035 _a(NLR Aleph) 022250651
090 _a13188259
_c13188259
100 _a20240611d2023 k y0rusy50 ca
101 0 _arus
_deng
102 _aRU
105 _aa|||z|||000yy
181 0 _ai
_baxxe
182 0 _an
200 1 _aТеория институциональных X- и Y-матриц: новые результаты и актуальные вызовы
_eдоклад
_fС. Г. Кирдина-Чэндлер
203 _aТекст
_bвизуальный
_cнепосредственный
205 _aПрепр.
210 _aМосква
_cИнститут экономики РАН
_d2023
215 _a57, [1] с.
_cил., табл.
_d24
225 1 _aПрепринты ИЭ РАН
_fИн-т экономики Рос. акад. наук
300 _aРез. англ.
320 _aБиблиогр.: с. 49-58 и в подстроч. примеч.
606 1 _aИнституционализм (экон.)
_91175908
_3RU\NLR\AUTH\66472520
686 1 _aУ010.5
700 1 _7ca
_8rus
_aКирдина-Чэндлер
_bС. Г.
_f1955-
_gСветлана Георгиевна
_9184230
_3RU\NLR\AUTH\770184281
942 _cBOOK
980 _aNB